क्रांतिवीर मंगल पांडे / (Record no. 74560)
[ view plain ]
| 000 -LEADER | |
|---|---|
| fixed length control field | 01307nam a22002297a 4500 |
| 005 - DATE AND TIME OF LATEST TRANSACTION | |
| control field | 20190325155609.0 |
| 010 ## - LCCN (DPL NO) | |
| LC control number | 1819HN15 HIN-98793 B-690288-289 |
| 020 ## - INTERNATIONAL STANDARD BOOK NUMBER | |
| Terms of availability | 300.00 |
| International Standard Book Number | 9788188926169 |
| 035 ## - SYSTEM CONTROL NUMBER | |
| System control number | HN-71139 |
| 035 ## - SYSTEM CONTROL NUMBER | |
| System control number | B-690288-289 |
| 037 ## - SOURCE OF ACQUISITION | |
| Source of stock number/acquisition | नवसाक्षर प्रकाशन |
| 037 ## - SOURCE OF ACQUISITION | |
| Source of stock number/acquisition | DBAD / PUB |
| 082 ## - DEWEY DECIMAL CLASSIFICATION NUMBER | |
| Classification number | 920 |
| 100 ## - MAIN ENTRY--PERSONAL NAME | |
| Personal name | कलूडा़ अभिनव |
| 245 ## - TITLE STATEMENT | |
| Title | क्रांतिवीर मंगल पांडे / |
| Remainder of title | कलूडा़ अभिनव |
| 260 ## - PUBLICATION, DISTRIBUTION, ETC. (IMPRINT) | |
| Name of publisher, distributor, etc | नवसाक्षर प्रकाशन |
| Date of publication, distribution, etc | 2017 |
| Place of publication, distribution, etc | दिल्ली |
| 270 ## - ADDRESS | |
| City | दिल्ली |
| Address | 1/11437, सुभाष पार्क एक्सटेंशन. गली न.2,नवीन शाहदरा |
| Postal code | 110032 |
| Telephone number | |
| 300 1# - PHYSICAL DESCRIPTION | |
| Extent | 144पृ. |
| Dimensions | 22सेमी (सजिल्द) |
| 500 ## - GENERAL NOTE | |
| General note | AIRPORT बलिदानी पुस्तक |
| 942 ## - ADDED ENTRY ELEMENTS (KOHA) | |
| Institution code [OBSOLETE] | dpl |
| Item type | Hindi Books |
| Source of classification or shelving scheme | Dewey Decimal Classification |
| Call number suffix | कलूडा़ |
| Classification part | 920 |
| Withdrawn status | Lost status | Not for loan | Collection code | Home library | Current library | Date acquired | Source of acquisition | Cost, normal purchase price | Full call number | Barcode | Copy number | Cost, replacement price | Koha item type | Public note |
|---|---|---|---|---|---|---|---|---|---|---|---|---|---|---|
| Non-fiction | Central Library | Central Library | 06/04/2018 | कृतिका बुक्स/997/05-03-18/814/20-02-18/06-03-18 | 300.00 | 920 अभिन | B-690288 | 1 | 300.00 | Hindi Books | बलिदानी | |||
| Non-fiction | Sarojini Nagar | Sarojini Nagar | 06/04/2018 | कृतिका बुक्स/997/05-03-18/814/20-02-18/06-03-18 | 300.00 | 920 अभिन | B-690289 | 1 | 300.00 | Hindi Books | बलिदानी |
